Countries With Most Followers of Religions - Statistics

General Stats
  • This quiz has been taken 61 times
  • The average score is 7 of 7
Answer Stats
Hint Answer % Correct
Hinduism India
100%
Sikhism India
100%
Buddhism China
98%
Islam Indonesia
96%
Judaism Israel
94%
Shinto Japan
94%
Christianity United States
94%
No matching quizzes found
Score Distribution
Percent of People with Each Score
Percentile by Number Answered
Your Score History
You have not taken this quiz